00581cam a22002291 4500001001300000003000400013005001700017008004100034010001700075035002000092040001800112042001200130050001600142100002900158245004800187260001100235300001900246500002600265500001400291504002600305650002000331sa 66002741 DLC20260227112232.0890907s1965 ii b 000 0 hino  asa 66002741  a(OCoLC)20311679 aDLCcWaUdDLC apremarc00aPK2646b.G81 aGupta, Bansi Lal,d1922-10aḌogarī:bbhāshā aura vyākaraṇa. c[1965] a226 p.c19 cm. aAdded title in Dogri. aIn Hindi. aBibliography: p. 226. 0aDogri language.